Score 0/10 Timer 03:00
1 Play Today
Scrambled Word % Correct
KORPPORK
99.5%
FINKEKNIFE
73.7%
LOOGIIGLOO
67.8%
LOLPENPOLLEN
63.4%
ICPELKPICKLE
61%
NAGHUTNAUGHT
45.5%
CULENUNCLE
42%
LEMONTMOLTEN
24.8%
What do you get when you take a gourd and divide its circumference by its diameter?Pumpkin pi
21.6%
GILNIDIDLING
21.6%
Remove Ads.
Support Sporcle.
Get the best of Sporcle when you Go Orange. This ad-free experience offers more features, more stats, and more fun while also helping to support Sporcle. Thank you for becoming a member.

You're not logged in!

Compare scores with friends on all Sporcle quizzes.
OR
Log In

Show Comments

Extras

Top Quizzes Today


Score Distribution

Your Account Isn't Verified!

In order to create a playlist on Sporcle, you need to verify the email address you used during registration. Go to your Sporcle Settings to finish the process.

Report this User

Report this user for behavior that violates our Community Guidelines.

Details: